000 00508cam a2200145 4500500
005 20251012011810.0
041 _afre
042 _adc
100 1 0 _aMarkwardt, Nils
_eauthor
245 0 0 _aUnion soviétique – Silicon Valley. Un même combat pour l’immortalité ?
260 _c2018.
500 _a4
786 0 _nPhilosophie magazine | 120 | 6 | 2018-06-01 | p. 14-16 | 1951-1787
856 4 1 _uhttps://shs.cairn.info/magazine-philosophie-magazine-2018-6-page-14?lang=fr&redirect-ssocas=7080
999 _c1524426
_d1524426